000 00988nam a22003017a 4500
003 CHAP
005 20220817041747.0
008 971013s1966 r 00010 d
010 _a23577
011 _a24549
035 _a28648
040 _cCHAP
082 _a629.8312
_bC4
100 0 0 _aChorafas, Dimitris N.
_922878
245 _aControl systems functions and programming aproaches
260 _aNew York :
_bAcademic Press,
_c1966
300 _a2 v
490 _aMathematics in science and engineering
_v; 27
505 _aContenido: v.A Theory.- v.B Applications
590 _aBATCH-UPD
_b10
_c20130110
_lUCH01
_h1937
590 _aCONVERSION
_b10
_c20130109
_lUCH01
_h1314
650 1 4 _aSistemas de control.
_9106742
830 0 _aMathematics in science and engineering
_v; 27
901 _aBK
942 _cLIBRO
949 _a629.8312 C4
_bBC
_cLIBRO
_d33724000026746
_eLIBRO
_h34820
_i28648
_si
949 _a629.8312 C4
_bBC
_cLIBRO
_d33724000026829
_eLIBRO
_fc.2
_h34821
_i28648
_si
999 _c23577
_d23577